[Event "Manaus op 2nd"]
[Site "Manaus"]
[Date "2023.10.16"]
[Round "8"]
[White "Gordiano, Gerson Fujimoto"]
[Black "Benayon, Elismar da Silva"]
[Result "0-1"]
[WhiteElo "1800"]
[BlackElo "1750"]
[PlyCount "82"]
[EventDate "2023.10.11"]
[EventType "swiss"]
[EventRounds "9"]
[EventCountry "BRA"]
[SourceTitle "Mega2024 Update 01"]
[Source "Chessbase"]
[SourceDate "2023.11.12"]
[SourceVersion "1"]
[SourceVersionDate "2023.11.12"]
[SourceQuality "1"]

1. e4 e5 2. Nf3 Nf6 3. Nc3 Nc6 4. d4 exd4 5. Nxd4 Bc5 6. Be3 Nxd4 7. Bxd4 Qe7 8. Bxc5 Qxc5 9. Bd3 d6 10. h3 Bd7 11. Qd2 0-0-0 12. 0-0-0 Qa5 13. Qe2 Rhe8 14. Rhe1 Be6 15. Kb1 Kb8 16. Bc4 h6 17. Bxe6 fxe6 18. Rd3 Nd7 19. Red1 Rf8 20. f3 Nc5 21. Rd4 Nd7 22. e5 Qxe5 23. Qxe5 Nxe5 24. Re4 g5 25. Ne2 Rde8 26. Nd4 Rf4 27. Rxf4 gxf4 28. Re1 c5 29. Nb5 Rg8 30. Nxd6 Rxg2 31. a3 Nxf3 32. Rxe6 Nd2+ 33. Kc1 f3 34. Nb5 Kc8 35. Nxa7+ Kd7 36. Re3 f2 37. Rd3+ Ke6 38. Rxd2 f1Q+ 39. Rd1 Qe2 40. Kb1 Qxc2+ 41. Ka1 Qxb2# 0-1

[Event "Manaus op 2nd"]
[Site "Manaus"]
[Date "2023.10.14"]
[Round "6"]
[White "Soares, Edson Arantes Guima"]
[Black "Benayon, Elismar da Silva"]
[Result "1/2-1/2"]
[WhiteElo "1856"]
[BlackElo "1750"]
[PlyCount "116"]
[EventDate "2023.10.11"]
[EventType "swiss"]
[EventRounds "9"]
[EventCountry "BRA"]
[SourceTitle "Mega2024 Update 01"]
[Source "Chessbase"]
[SourceDate "2023.11.12"]
[SourceVersion "1"]
[SourceVersionDate "2023.11.12"]
[SourceQuality "1"]

1. d4 Nf6 2. c4 e5 3. Nc3 Bb4 4. a3 exd4 5. axb4 dxc3 6. bxc3 0-0 7. Bg5 h6 8. Bh4 Nc6 9. Nf3 Re8 10. e3 d6 11. h3 Ne5 12. Nxe5 Rxe5 13. Bd3 a5 14. Bg3 Re8 15. bxa5 Ne4 16. Bxe4 Rxe4 17. Qd5 Qe7 18. 0-0 Qe6 19. Qxe6 Bxe6 20. c5 dxc5 21. Bxc7 Bc4 22. Rfd1 Bb5 23. Rd5 Rc4 24. Rc1 Rc8 25. Rd8+ Rxd8 26. Bxd8 Ra4 27. f3 Ra2 28. Kh2 Kf8 29. Bb6 Ke8 30. Bxc5 Rxa5 31. Bd4 f6 32. c4 Bc6 33. c5 Ra2 34. Ra1 Rd2 35. Kg3 Kf7 36. h4 h5 37. Rg1 Ke6 38. Kf4 g6 39. Bc3 Rc2 40. Bd4 Rd2 41. g4 hxg4 42. Kxg4 Rf2 43. f4 Be4 44. h5 gxh5+ 45. Kxh5 Bf5 46. Kh4 Rf3 47. Rg3 Rf1 48. Rg2 Rf3 49. Rh2 Rf1 50. Kg3 Be4 51. Rh6 Rg1+ 52. Kf2 Rg2+ 53. Kf1 Rg6 54. Rxg6 Bxg6 55. Kf2 Be4 56. Kg3 f5 57. Kh4 Bc6 58. Kg5 Be4 1/2-1/2

[Event "Manaus op 2nd"]
[Site "Manaus"]
[Date "2023.10.13"]
[Round "4"]
[White "Benayon, Elismar da Silva"]
[Black "Reis Neto, Agassiz Rubim Da Si"]
[Result "1-0"]
[WhiteElo "1750"]
[BlackElo "1147"]
[PlyCount "51"]
[EventDate "2023.10.11"]
[EventType "swiss"]
[EventRounds "9"]
[EventCountry "BRA"]
[SourceTitle "Mega2024 Update 01"]
[Source "Chessbase"]
[SourceDate "2023.11.12"]
[SourceVersion "1"]
[SourceVersionDate "2023.11.12"]
[SourceQuality "1"]

1. e4 c6 2. Nc3 d5 3. Nf3 dxe4 4. Nxe4 Bf5 5. Ng3 Bg6 6. h4 h5 7. Ne5 Nf6 8. Bc4 Nbd7 9. Nxg6 fxg6 10. Qe2 Qc7 11. d4 0-0-0 12. c3 e5 13. 0-0 Re8 14. Qc2 Qb6 15. Bf7 Rd8 16. Bg5 exd4 17. cxd4 Qxd4 18. Rad1 Qb4 19. a3 Qc5 20. Qxg6 Qe7 21. Rfe1 Ne5 22. Qf5+ Kb8 23. Rxd8+ Qxd8 24. Qxe5+ Ka8 25. Bxf6 gxf6 26. Qxf6 1-0

[Event "Manaus op 2nd"]
[Site "Manaus"]
[Date "2023.10.12"]
[Round "2"]
[White "Lima, Stefan Moisei Vieir"]
[Black "Benayon, Elismar da Silva"]
[Result "1-0"]
[WhiteElo "2086"]
[BlackElo "1750"]
[PlyCount "63"]
[EventDate "2023.10.11"]
[EventType "swiss"]
[EventRounds "9"]
[EventCountry "BRA"]
[SourceTitle "Mega2024 Update 01"]
[Source "Chessbase"]
[SourceDate "2023.11.12"]
[SourceVersion "1"]
[SourceVersionDate "2023.11.12"]
[SourceQuality "1"]

1. d4 e5 2. dxe5 d6 3. Nf3 Nc6 4. Bg5 f6 5. exf6 Nxf6 6. Nc3 Be7 7. e3 Be6 8. Nd4 Nxd4 9. Qxd4 0-0 10. Rd1 Ng4 11. Qe4 Qd7 12. Bc4 Bxc4 13. Qxc4+ Kh8 14. Bf4 Nxf2 15. Kxf2 g5 16. Nd5 gxf4 17. exf4 c6 18. Qd4+ Kg8 19. Nxe7+ Qxe7 20. g3 Rae8 21. Rhe1 Qc7 22. a3 d5 23. Rxe8 Rxe8 24. Re1 Rxe1 25. Kxe1 Qa5+ 26. Kf2 Qb5 27. g4 a5 28. h4 Qa6 29. h5 b5 30. h6 Qb7 31. Qf6 Qd7 32. g5 1-0

[Event "BRA-ch 85th sf Reg2"]
[Site "Manaus"]
[Date "2018.11.03"]
[Round "4"]
[White "Benayon, Elismar da Silva"]
[Black "Simas Neto, Felipe Jairo Novo"]
[Result "1-0"]
[WhiteElo "1750"]
[BlackElo "1632"]
[PlyCount "55"]
[EventDate "2018.11.01"]
[EventType "swiss"]
[EventRounds "7"]
[EventCountry "BRA"]
[SourceTitle "CBM 189 Extra"]
[Source "ChessBase"]
[SourceDate "2019.06.03"]
[SourceVersion "1"]
[SourceVersionDate "2019.06.03"]
[SourceQuality "1"]

1. e4 e6 2. d4 d5 3. Nd2 Nf6 4. Bd3 c5 5. dxc5 Bxc5 6. Qe2 0-0 7. Ngf3 Re8 8. Nb3 dxe4 9. Bxe4 Nxe4 10. Qxe4 Bb6 11. 0-0 Nc6 12. Bg5 Qc7 13. Rad1 e5 14. Be3 f6 15. Bxb6 Qxb6 16. c3 Be6 17. Qc2 Bg4 18. Qe4 f5 19. Qc4+ Kh8 20. Ng5 Re7 21. Nf7+ Rxf7 22. Qxf7 Bxd1 23. Rxd1 Rd8 24. Rd7 Rg8 25. Rxb7 Qd8 26. Rd7 Qg5 27. h4 Qg4 28. Qd5 1-0

[Event "BRA-ch 85th sf Reg2"]
[Site "Manaus"]
[Date "2018.11.02"]
[Round "3"]
[White "De Lima, Paulo Isaac Assis"]
[Black "Benayon, Elismar da Silva"]
[Result "1-0"]
[WhiteElo "1853"]
[BlackElo "1750"]
[PlyCount "83"]
[EventDate "2018.11.01"]
[EventType "swiss"]
[EventRounds "7"]
[EventCountry "BRA"]
[SourceTitle "CBM 189 Extra"]
[Source "ChessBase"]
[SourceDate "2019.06.03"]
[SourceVersion "1"]
[SourceVersionDate "2019.06.03"]
[SourceQuality "1"]

1. e4 e5 2. Nf3 Nc6 3. d4 exd4 4. Nxd4 Bc5 5. Be3 Qf6 6. c3 Nge7 7. Nc2 Bb6 8. Bxb6 axb6 9. Ne3 0-0 10. Nd2 Rd8 11. Qf3 Qe6 12. Bc4 Qg6 13. Qf4 d6 14. Nf3 Be6 15. 0-0 Bxc4 16. Nxc4 Qe6 17. b3 Ng6 18. Qe3 f6 19. Rfe1 Re8 20. Nd4 Qd7 21. Qg3 Nce5 22. Nxe5 dxe5 23. Nf5 Nf4 24. Qg4 Rad8 25. Rad1 Ne2+ 26. Qxe2 Qf7 27. Rd3 Rxd3 28. Qxd3 Kh8 29. Rd1 Qh5 30. Qd7 Rg8 31. Ng3 Qg5 32. Qxc7 h5 33. h3 g6 34. Rd7 Qh6 35. Qxb6 Qc1+ 36. Kh2 Qf4 37. Qxb7 Qh6 38. Qb6 Qf4 39. Qe3 Qxe3 40. fxe3 h4 41. Ne2 Rf8 42. c4 1-0

[Event "Manaus Amazonas-ch"]
[Site "Manaus"]
[Date "2017.10.29"]
[Round "9"]
[White "Benayon, Elismar da Silva"]
[Black "Farias, Sergio Luiz Cardoso"]
[Result "0-1"]
[WhiteElo "1775"]
[BlackElo "1572"]
[PlyCount "140"]
[EventDate "2017.10.21"]
[EventType "swiss"]
[EventRounds "9"]
[EventCountry "BRA"]
[SourceTitle "CBM 181 Extra"]
[Source "ChessBase"]
[SourceDate "2017.12.12"]
[SourceVersion "1"]
[SourceVersionDate "2017.12.12"]
[SourceQuality "1"]

1. e4 d5 2. exd5 Qxd5 3. Nc3 Qa5 4. d4 c6 5. Bc4 Nf6 6. Bd2 Qc7 7. Nf3 Bg4 8. h3 Bh5 9. g4 Bg6 10. Ne5 Nbd7 11. Nxg6 hxg6 12. Qf3 e6 13. 0-0-0 Nb6 14. Bd3 0-0-0 15. Ne4 Nfd5 16. c4 Nb4 17. Bxb4 Bxb4 18. c5 Na4 19. Nd6+ Rxd6 20. cxd6 Bxd6 21. Bc4 Bf4+ 22. Kb1 g5 23. Qa3 Nb6 24. Bd3 a6 25. Be4 Nc4 26. Qd3 b5 27. b3 Nd6 28. Bg2 a5 29. Qc3 Kd7 30. Rhe1 a4 31. Re2 Qb6 32. Rc2 Rc8 33. Qc5 Qa6 34. bxa4 Nc4 35. Rxc4 bxc4 36. Ka1 f6 37. Bf1 Qxa4 38. Rb1 Qc2 39. Qxc4 Qxc4 40. Bxc4 Rc7 41. a3 e5 42. dxe5 Bxe5+ 43. Ka2 Kd6 44. Rd1+ Kc5 45. Bb3 Bd4 46. Rc1+ Kd6 47. Rc2 Re7 48. a4 Re1 49. Bf7 Ra1+ 50. Kb3 Rb1+ 51. Kc4 c5 52. Ra2 Rb7 53. a5 Rxf7 54. a6 Ra7 55. f3 Kc6 56. Re2 Be5 57. Ra2 Kb6 58. Ra3 Rxa6 59. Rxa6+ Kxa6 60. Kxc5 Kb7 61. Kd5 Kc7 62. Ke6 Kd8 63. Kf7 Kd7 64. Kxg7 Ke6 65. Kg6 Bf4 66. Kh5 Bg3 67. f4 gxf4 68. g5 fxg5 69. Kxg5 Ke5 70. Kg4 Ke4 0-1

[Event "Amazonense-ch sf 2"]
[Site "Manaus"]
[Date "2014.03.16"]
[Round "2.2"]
[White "Jacinto Junior, Nelson Bezerra"]
[Black "Benayon, Elismar da Silva"]
[Result "1-0"]
[WhiteElo "2106"]
[BlackElo "1830"]
[PlyCount "107"]
[EventDate "2014.03.15"]
[EventType "swiss"]
[EventRounds "5"]
[EventCountry "BRA"]
[SourceTitle "EXT 2022"]
[Source "ChessBase"]
[SourceDate "2021.10.06"]
[SourceVersion "1"]
[SourceVersionDate "2021.10.06"]
[SourceQuality "1"]

1. e4 b6 2. d4 Bb7 3. Bd3 Nf6 4. Qe2 e6 5. c4 Bb4+ 6. Nc3 d6 7. Nf3 0-0 8. Bg5 h6 9. Bh4 Nbd7 10. 0-0 Bxc3 11. bxc3 e5 12. Rad1 Qe7 13. Rfe1 Rfe8 14. Qc2 g5 15. Bg3 Nh5 16. Nd2 Nxg3 17. hxg3 Rad8 18. Nf1 Nf6 19. Ne3 Bc8 20. f3 c5 21. Kf2 cxd4 22. cxd4 exd4 23. Nd5 Nxd5 24. exd5 Qf6 25. Qa4 Re3 26. Rxe3 dxe3+ 27. Kxe3 Qe5+ 28. Kf2 Re8 29. Qc2 Kg7 30. Qd2 Bd7 31. Bc2 Re7 32. g4 Re8 33. Qd3 f5 34. gxf5 Kf6 35. Rh1 h5 36. g3 Bxf5 37. Qxf5+ Qxf5 38. Bxf5 Kxf5 39. Rxh5 Rc8 40. f4 Rxc4 41. Rxg5+ Kf6 42. Ke3 Ra4 43. Rh5 Rxa2 44. Rh6+ Ke7 45. Re6+ Kd7 46. f5 Ra5 47. f6 Rxd5 48. Re7+ Kd8 49. Kf4 a5 50. g4 Re5 51. Rb7 Ke8 52. g5 Kf8 53. g6 Re8 54. g7+ 1-0

[Event "Amazonas-ch sf1"]
[Site "Manaus"]
[Date "2014.01.05"]
[Round "2"]
[White "Reis, Renan do Carmo"]
[Black "Benayon, Elismar da Silva"]
[Result "1-0"]
[WhiteElo "2223"]
[BlackElo "1839"]
[PlyCount "107"]
[EventDate "2014.01.04"]
[EventType "swiss"]
[EventRounds "6"]
[EventCountry "BRA"]
[SourceTitle "EXT 2018"]
[Source "ChessBase"]
[SourceDate "2017.10.13"]
[SourceVersion "1"]
[SourceVersionDate "2017.10.13"]
[SourceQuality "1"]

1. d4 Nf6 2. c4 e5 3. dxe5 Ne4 4. Nf3 Bb4+ 5. Nbd2 Nc6 6. a3 Bxd2+ 7. Bxd2 Nxd2 8. Qxd2 Qe7 9. Qc3 0-0 10. Rd1 Re8 11. Rd5 b6 12. e3 Bb7 13. Be2 Rad8 14. 0-0 Nb8 15. Rc1 c5 16. Rd2 Bxf3 17. Bxf3 Qxe5 18. Qxe5 Rxe5 19. Rcd1 Kf8 20. Kf1 Ke7 21. Ke2 f5 22. Bd5 f4 23. e4 g5 24. g3 Rf8 25. b4 cxb4 26. axb4 Na6 27. Bb7 Nb8 28. Ra1 fxg3 29. hxg3 a5 30. bxa5 bxa5 31. Rh1 Rf7 32. Bd5 Rg7 33. f4 gxf4 34. gxf4 Re6 35. Bxe6 Kxe6 36. Rh6+ Ke7 37. f5 Ke8 38. f6 Rf7 39. Ke3 Nc6 40. Kf4 Ne7 41. e5 Ng6+ 42. Ke4 Nf8 43. Ra2 Kd8 44. Rxa5 Kc7 45. Rh1 Ne6 46. Rd1 Kb6 47. Rb5+ Kc7 48. Ra1 h5 49. Ra7+ Kc6 50. Ra6+ Kc7 51. Rba5 h4 52. Rxe6 h3 53. Re7 h2 54. Ra1 1-0

[Event "Amazonas zt"]
[Site "Manaus"]
[Date "2013.06.15"]
[Round "3"]
[White "Silveira, Lorensen Willer Soa"]
[Black "Benayon, Elismar da Silva"]
[Result "1-0"]
[WhiteElo "1780"]
[BlackElo "1854"]
[PlyCount "117"]
[EventDate "2013.06.09"]
[EventType "swiss"]
[EventRounds "6"]
[EventCountry "BRA"]
[SourceTitle "EXT 2014"]
[Source "ChessBase"]
[SourceDate "2013.11.20"]
[SourceVersion "1"]
[SourceVersionDate "2013.11.20"]
[SourceQuality "1"]

1. e4 e5 2. Nf3 Nc6 3. Be2 Bc5 4. 0-0 d6 5. Nc3 a6 6. d3 Nf6 7. Bg5 h6 8. Bh4 Be6 9. a3 g5 10. Bg3 Qd7 11. Re1 g4 12. Nd2 Nd4 13. Bh4 Nh7 14. Qc1 Ng5 15. Bxg5 hxg5 16. Nf1 f6 17. Ng3 Qh7 18. Nf1 g3 19. Nd1 gxh2+ 20. Kh1 Nxe2 21. Rxe2 Bh3 22. gxh3 Qxh3 23. Ng3 Qg4 24. Ne3 Qf3+ 25. Ng2 Rh3 26. Qf1 0-0-0 27. Rd2 Rdh8 28. Qe2 Rxg3 29. fxg3 Qxg3 30. Rf1 g4 31. c3 Kb8 32. d4 exd4 33. cxd4 Bb6 34. Qe3 Qxe3 35. Nxe3 g3 36. Nf5 Rg8 37. Rg2 Rg4 38. Nxg3 Bxd4 39. Ne2 Rxe4 40. Nxd4 Rxd4 41. Rxh2 b5 42. Rxf6 Kb7 43. Rf7 Kb6 44. Rf6 a5 45. Re2 c5 46. Kg2 b4 47. axb4 axb4 48. Kf3 c4 49. Ke3 Kc5 50. Rd2 Rxd2 51. Kxd2 d5 52. Rf5 Kd4 53. Rf3 Ke4 54. Rh3 Kd4 55. Rh4+ Ke5 56. Ke3 c3 57. bxc3 bxc3 58. Kd3 d4 59. Rxd4 1-0

[Event "Amazonas zt"]
[Site "Manaus"]
[Date "2013.06.09"]
[Round "1"]
[White "Benayon, Elismar da Silva"]
[Black "Farias, Igor Borge Cardoso"]
[Result "0-1"]
[WhiteElo "1854"]
[BlackElo "1681"]
[PlyCount "120"]
[EventDate "2013.06.09"]
[EventType "swiss"]
[EventRounds "6"]
[EventCountry "BRA"]
[SourceTitle "EXT 2014"]
[Source "ChessBase"]
[SourceDate "2013.11.20"]
[SourceVersion "1"]
[SourceVersionDate "2013.11.20"]
[SourceQuality "1"]

1. Nc3 g6 2. e4 Bg7 3. f4 d6 4. Nf3 c5 5. Bc4 e6 6. 0-0 Nf6 7. Qe1 0-0 8. d3 Nc6 9. f5 Na5 10. fxg6 fxg6 11. Qh4 Nxc4 12. dxc4 Nh5 13. Bg5 Bf6 14. g4 Nf4 15. Bxf6 Qxf6 16. Qxf6 Rxf6 17. e5 dxe5 18. Nxe5 b6 19. Rae1 Bb7 20. h4 Raf8 21. Kh2 Ng2 22. Rxf6 Rxf6 23. Ne4 Rf4 24. Kxg2 Rxe4 25. Kf2 Rxe1 26. Kxe1 Be4 27. c3 Kf8 28. Kf2 Ke7 29. Ke3 Bg2 30. Kf4 Kd6 31. Nf7+ Ke7 32. Ne5 Kd6 33. b4 a6 34. g5 Bh3 35. Nd3 Bf5 36. Ne5 Bb1 37. a4 a5 38. bxa5 bxa5 39. Ng4 Bc2 40. Nf6 e5+ 41. Ke3 Bxa4 42. Nxh7 Ke6 43. Nf8+ Kf5 44. Nh7 Bc6 45. Nf6 a4 46. Kd2 a3 47. Kc2 Ba4+ 48. Kb1 Bb3 49. Nd5 Kg4 50. Ne7 Kh5 51. Nc6 Kxh4 52. Nxe5 Kxg5 53. Nd3 Bxc4 54. Nxc5 Kh4 55. Ka1 g5 56. Ne4 g4 57. Nd2 g3 58. Nxc4 g2 59. Ka2 g1Q 60. Kxa3 Qc5+ 0-1

[Event "Manaus zt 2.4"]
[Site "Manaus"]
[Date "2013.05.01"]
[Round "7"]
[White "Pessoa, Hudson Anselmo"]
[Black "Benayon, Elismar da Silva"]
[Result "0-1"]
[WhiteElo "1930"]
[BlackElo "1808"]
[PlyCount "122"]
[EventDate "2013.04.27"]
[EventType "swiss"]
[EventRounds "9"]
[EventCountry "BRA"]
[SourceTitle "CBM 154 Extra"]
[Source "ChessBase"]
[SourceDate "2013.06.25"]
[SourceVersion "2"]
[SourceVersionDate "2013.06.25"]
[SourceQuality "1"]

1. Nf3 d5 2. g3 Nc6 3. Bg2 e5 4. d3 f5 5. 0-0 Nf6 6. Bg5 Be7 7. Nbd2 e4 8. Ne1 0-0 9. c3 h6 10. Bxf6 Bxf6 11. Nc2 Ne5 12. dxe4 fxe4 13. f3 exf3 14. Nxf3 Nc4 15. Qc1 Bg4 16. h3 Bf5 17. Nfd4 Bg5 18. e3 Bxc2 19. Nxc2 Rxf1+ 20. Bxf1 Qd6 21. Kg2 Re8 22. Bxc4 dxc4 23. Qf1 Qd2+ 24. Qf2 Qd5+ 25. Kh2 Rf8 26. Qe2 Qd3 27. Re1 Rd8 28. Kg2 Qe4+ 29. Kh2 c5 30. h4 Bf6 31. Na3 Kh8 32. Nxc4 b5 33. Nd2 Qd5 34. Nf3 Qxa2 35. Qxb5 Bxc3 36. Re2 Bb4 37. e4 Qb3 38. Kg2 Rf8 39. Ne5 Kh7 40. Qd3 Qxd3 41. Nxd3 Rd8 42. Nf4 Rd2 43. Kf3 Rxe2 44. Kxe2 g5 45. hxg5 hxg5 46. Ne6 Kg6 47. g4 Kf6 48. Nc7 Ke5 49. Kf3 a5 50. Nd5 Bd2 51. Nb6 Kd4 52. Nd7 c4 53. Nb8 a4 54. Nc6+ Kc5 55. Nd8 c3 56. bxc3 a3 57. Ne6+ Kc4 58. Nd4 Bxc3 59. Nc2 a2 60. Ke2 a1Q 61. Nxa1 Bxa1 0-1

[Event "Manaus zt 2.4"]
[Site "Manaus"]
[Date "2013.04.29"]
[Round "4"]
[White "Benayon, Elismar da Silva"]
[Black "Januario, Severino Pereira"]
[Result "1/2-1/2"]
[WhiteElo "1808"]
[BlackElo "2156"]
[PlyCount "81"]
[EventDate "2013.04.27"]
[EventType "swiss"]
[EventRounds "9"]
[EventCountry "BRA"]
[SourceTitle "CBM 154 Extra"]
[Source "ChessBase"]
[SourceDate "2013.06.25"]
[SourceVersion "2"]
[SourceVersionDate "2013.06.25"]
[SourceQuality "1"]

1. Nc3 d6 2. Nf3 Nf6 3. e4 g6 4. Bc4 Bg7 5. d4 0-0 6. 0-0 c6 7. e5 Ne8 8. Bg5 d5 9. Bd3 Nc7 10. Qd2 Bg4 11. Be2 Ne6 12. Be3 Nd7 13. h3 Bxf3 14. Bxf3 Nb6 15. Be2 Re8 16. f4 f5 17. g4 Nf8 18. gxf5 gxf5 19. Bh5 Nc4 20. Qf2 Ng6 21. Rae1 Bh6 22. Qg2 Nxe3 23. Rxe3 Kh8 24. Bxg6 hxg6 25. Rg3 Qb6 26. Ne2 Rg8 27. Kh1 Kh7 28. Rg1 Rg7 29. Rxg6 Rag8 30. Rxg7+ Rxg7 31. Qf2 Qxb2 32. Rxg7+ Kxg7 33. Qh4 Qa3 34. Kg2 Qb4 35. Kf3 Kg6 36. Qg3+ Kf7 37. Qh4 Kg6 38. Qg3+ Kh7 39. Qh4 Kg6 40. Qg3+ Kh7 41. Qh4 1/2-1/2

[Event "Manaus zt 2.4"]
[Site "Manaus"]
[Date "2013.04.27"]
[Round "1"]
[White "Sztokbant, Bernardo Vainzoff"]
[Black "Benayon, Elismar da Silva"]
[Result "0-1"]
[WhiteElo "2181"]
[BlackElo "1808"]
[PlyCount "36"]
[EventDate "2013.04.27"]
[EventType "swiss"]
[EventRounds "9"]
[EventCountry "BRA"]
[SourceTitle "CBM 154 Extra"]
[Source "ChessBase"]
[SourceDate "2013.06.25"]
[SourceVersion "2"]
[SourceVersionDate "2013.06.25"]
[SourceQuality "1"]

1. e4 e5 2. Nf3 Nc6 3. Bb5 a6 4. Ba4 Nf6 5. 0-0 Be7 6. Re1 b5 7. Bb3 0-0 8. c3 d5 9. exd5 Nxd5 10. Nxe5 Nxe5 11. Rxe5 c6 12. d4 Bd6 13. Re1 Qh4 14. g3 Qh3 15. Be3 Bg4 16. Qd3 Nxe3 17. Qxe3 Rae8 18. Qxe8 Bf3 0-1

[Event "Manaus FAX 5th"]
[Site "Manaus"]
[Date "2012.12.15"]
[Round "1.3"]
[White "Farias, Sergio Luiz Cardoso"]
[Black "Benayon, Elismar da Silva"]
[Result "0-1"]
[WhiteElo "1530"]
[BlackElo "1802"]
[PlyCount "46"]
[EventDate "2012.12.15"]
[EventType "swiss"]
[EventRounds "7"]
[EventCountry "BRA"]
[SourceTitle "EXT 2022"]
[Source "ChessBase"]
[SourceDate "2021.10.06"]
[SourceVersion "1"]
[SourceVersionDate "2021.10.06"]
[SourceQuality "1"]

1. d4 Nf6 2. c4 e5 3. e3 exd4 4. exd4 Bb4+ 5. Bd2 Bxd2+ 6. Nxd2 0-0 7. Ngf3 d5 8. Be2 Bg4 9. 0-0 Nc6 10. h3 Bh5 11. Rc1 Re8 12. Re1 dxc4 13. g4 Bg6 14. Nxc4 Nd5 15. Qd2 Qf6 16. Qg5 Qxg5 17. Nxg5 Nxd4 18. Bf3 Nxf3+ 19. Nxf3 Nf4 20. Kh2 Nd3 21. Rxe8+ Rxe8 22. Rf1 Re2 23. Nd4 Re4 0-1

[Event "Manaus Taj Mahal op"]
[Site "Manaus"]
[Date "2012.09.14"]
[Round "1"]
[White "Benayon, Elismar da Silva"]
[Black "Ipiranga, Fabricio do Vale"]
[Result "1-0"]
[WhiteElo "1816"]
[BlackElo "1748"]
[PlyCount "43"]
[EventDate "2012.09.14"]
[EventType "swiss"]
[EventRounds "6"]
[EventCountry "BRA"]
[SourceTitle "EXT 2013"]
[Source "ChessBase"]
[SourceDate "2012.11.22"]
[SourceVersion "1"]
[SourceVersionDate "2012.11.22"]
[SourceQuality "1"]

1. e4 d6 2. Nc3 Nf6 3. f4 e5 4. fxe5 dxe5 5. Nf3 Bd6 6. Bc4 Rf8 7. 0-0 Be6 8. Bxe6 fxe6 9. Ng5 Qe7 10. d3 Nbd7 11. Be3 Nc5 12. d4 exd4 13. Bxd4 e5 14. Be3 h6 15. Rxf6 gxf6 16. Qh5+ Rf7 17. Nd5 Qd7 18. Nxf6+ Kd8 19. Nxd7 c6 20. Qxf7 Nxd7 21. Ne6+ Kc8 22. Qe8# 1-0

[Event "Amazonas zt"]
[Site "Manaus"]
[Date "2012.07.21"]
[Round "5.2"]
[White "Stone, Ronnie Frank Pires"]
[Black "Benayon, Elismar da Silva"]
[Result "1-0"]
[WhiteElo "1928"]
[BlackElo "1814"]
[PlyCount "73"]
[EventDate "2012.07.07"]
[EventType "swiss"]
[EventRounds "7"]
[EventCountry "BRA"]
[SourceTitle "EXT 2022"]
[Source "ChessBase"]
[SourceDate "2021.10.06"]
[SourceVersion "1"]
[SourceVersionDate "2021.10.06"]
[SourceQuality "1"]

1. e4 e5 2. Nf3 Nc6 3. Bb5 f5 4. d3 Bc5 5. 0-0 d6 6. Nc3 Nf6 7. Bg5 0-0 8. Nd5 fxe4 9. dxe4 Bg4 10. c3 a6 11. Bc4 Kh8 12. b4 Ba7 13. Qd3 h6 14. Nxf6 Rxf6 15. Bxf6 Qxf6 16. Ne1 Rf8 17. Qg3 Bh5 18. a4 Nd8 19. Ra2 Ne6 20. Nd3 Nf4 21. Nxf4 exf4 22. Qh3 f3 23. Qxh5 fxg2 24. Kxg2 Qxc3 25. Be6 Qxb4 26. Bf5 Qb3 27. Rd2 Bc5 28. Qg6 Qg8 29. Rd3 Rf6 30. Qh5 b5 31. axb5 axb5 32. Rg3 Qf7 33. Qxf7 Rxf7 34. Be6 Re7 35. Bd5 Bd4 36. Rb1 c5 37. Rxb5 1-0

[Event "Amazonas zt"]
[Site "Manaus"]
[Date "2012.07.14"]
[Round "3.4"]
[White "Gutierrez, Enrique Alberto Sot"]
[Black "Benayon, Elismar da Silva"]
[Result "1/2-1/2"]
[WhiteElo "1885"]
[BlackElo "1814"]
[PlyCount "125"]
[EventDate "2012.07.07"]
[EventType "swiss"]
[EventRounds "7"]
[EventCountry "BRA"]
[SourceTitle "EXT 2022"]
[Source "ChessBase"]
[SourceDate "2021.10.06"]
[SourceVersion "1"]
[SourceVersionDate "2021.10.06"]
[SourceQuality "1"]

1. d4 b6 2. c4 e6 3. Nc3 Bb4 4. e4 Bb7 5. Bd3 f5 6. f3 Nh6 7. Nh3 Qh4+ 8. Kf1 Bxc3 9. bxc3 fxe4 10. Bg5 Qh5 11. Bxe4 Bxe4 12. fxe4 0-0+ 13. Ke1 Qg6 14. Qe2 Nc6 15. Rf1 Rxf1+ 16. Kxf1 Rf8+ 17. Kg1 Nf7 18. Bh4 Nd6 19. Re1 Na5 20. c5 Ndc4 21. Bg3 c6 22. cxb6 axb6 23. Nf4 Qg5 24. Nd3 h6 25. Ne5 Nxe5 26. Bxe5 b5 27. Bd6 Rf7 28. Rf1 Nc4 29. Rxf7 Kxf7 30. Qf3+ Qf6 31. Bf4 g5 32. Qh5+ Qg6 33. Qxg6+ Kxg6 34. Bc1 Nd6 35. e5 Ne4 36. Bb2 Kf5 37. Kf1 c5 38. Ke2 c4 39. Kf3 g4+ 40. Ke3 d6 41. exd6 Nxd6 42. Ba3 Ne4 43. Bb4 Nf6 44. Bd6 Nd5+ 45. Kd2 Ke4 46. Bf8 h5 47. Bh6 h4 48. Bg5 h3 49. gxh3 gxh3 50. Bh4 Kf3 51. Bg3 Ne3 52. Bd6 Nf1+ 53. Ke1 Kg2 54. Ke2 Nxh2 55. a3 Ng4 56. Bf4 h2 57. Bxh2 Nxh2 58. Ke3 Nf3 59. Ke4 Kf2 60. d5 exd5+ 61. Kxd5 Ke2 62. a4 bxa4 63. Kxc4 1/2-1/2

[Event "Amazonas zt"]
[Site "Manaus"]
[Date "2012.07.08"]
[Round "2.2"]
[White "Benayon, Elismar da Silva"]
[Black "Souza Neves, Andrey Marcelo"]
[Result "1/2-1/2"]
[WhiteElo "1814"]
[BlackElo "2140"]
[PlyCount "140"]
[EventDate "2012.07.07"]
[EventType "swiss"]
[EventRounds "7"]
[EventCountry "BRA"]
[SourceTitle "EXT 2022"]
[Source "ChessBase"]
[SourceDate "2021.10.06"]
[SourceVersion "1"]
[SourceVersionDate "2021.10.06"]
[SourceQuality "1"]

1. e4 c6 2. Nc3 d5 3. Qf3 e6 4. d4 Nf6 5. Bg5 Be7 6. e5 Nfd7 7. Bxe7 Qxe7 8. Qg3 f5 9. f4 0-0 10. Nf3 a6 11. 0-0-0 c5 12. h4 Nc6 13. h5 cxd4 14. Nxd4 Nxd4 15. Rxd4 b5 16. h6 g6 17. Be2 Bb7 18. Bf3 Rac8 19. Qh4 Qxh4 20. Rxh4 g5 21. fxg5 Nxe5 22. Bh5 Kh8 23. a4 bxa4 24. Nxa4 Rg8 25. Kb1 Rxg5 26. Rb4 Rc7 27. Nc5 Bc8 28. Nb3 Rxg2 29. Nd4 Ng6 30. Rh1 e5 31. Re1 Ne7 32. Rxe5 Rg8 33. Bf7 Rf8 34. Bxd5 Nxd5 35. Rxd5 f4 36. Nf3 Rd7 37. Rbd4 Rxd5 38. Rxd5 Bb7 39. Rd3 Kg8 40. Kc1 Re8 41. Kd2 Kf7 42. Rd7+ Re7 43. Ng5+ Ke8 44. Rxe7+ Kxe7 45. Nxh7 Kf7 46. Ng5+ Kg8 47. c4 a5 48. Kd3 Bc8 49. b3 Bb7 50. Ke2 Bc6 51. Ne6 a4 52. bxa4 Bxa4 53. Nxf4 Kh7 54. Ke3 Kxh6 55. Kd4 Kg7 56. Ke5 Kf8 57. Kd6 Ke8 58. Kc7 Ke7 59. c5 Bb5 60. Nd5+ Ke8 61. Nc3 Bd7 62. Nd5 Ba4 63. Nb6 Bb5 64. Na8 Ke7 65. Kb6 Ba4 66. Nc7 Kd7 67. Nb5 Bxb5 68. Kxb5 Kc7 69. c6 Kc8 70. Kb6 Kb8 1/2-1/2